RENKLİ DENİZALTI ÜLKESİ MASALLARI 2 temiz olmak (Kayıt no. 642176)

MARC ayrıntıları
000 -LEADER
sabit uzunluktaki kontrol alanı 00271nam a2200097Ia 4500
001 - KONTROL NUMARASI
kontrol alanı 642176
005 - EN SON İŞLEMİN TARİH VE ZAMANI
kontrol alanı 20250826153521.0
008 - SABİT-UZUNLUKTA VERİ ÖĞELERİ--GENEL BİLGİ
sabit uzunluktaki kontrol alanı 250824s9999 xx 000 0 und d
245 #0 - ESER / YAZAR
ESER ADI RENKLİ DENİZALTI ÜLKESİ MASALLARI 2 temiz olmak
Yazar Adı NURDAN DAMLA
260 ## - YAYIN, DAĞITIM, VB.
YAYIN EVİ NESİL ÇOCUK
Mevcut
Düşüm durumu Kayıp durumu Hasar Durumu Ödünç verilmez Ana kütüphane Geçerli Kütüphane Edinilen tarih Toplam ödünç verme sayısı Barkod Son görüntüleme tarihi Son ödünç verme tarihi Fiyatın geçerli olmaya başladığı tarih Koha materyal türü
        ABİDİN SANİYE ERÇAL İLKOKULU ABİDİN SANİYE ERÇAL İLKOKULU 24.08.2025 2 10012436 24.12.2025 24.12.2025 26.08.2025 Kitaplar
Gemini Bilgi Teknolojileri A.Ş. tarafından düzenlenmiştir.